Нагорные террасы в Сибири и происхождение их

Bibliografske podrobnosti
Glavni avtor: Макеров Я.
Izvleček:Отдельный оттиск из т. 32 "Известий Геологического Комитета" № 232.
Jezik:ruščina
Izdano: Петроград, Типография М. М. Стасюлевича, 1913
Teme:
Format: MixedMaterials Knjiga
KOHA link:https://koha.lib.tpu.ru/cgi-bin/koha/opac-detail.pl?biblionumber=304373

MARC

LEADER 00000nam0a2200000 4500
001 304373
005 20231101010500.0
035 |a (RuTPU)RU\TPU\book\329620 
035 |a RU\TPU\book\321478 
090 |a 304373 
100 |a 20150914d1913 k y0rusy50 ca 
101 0 |a rus 
102 |a RU 
105 |a f z 000zy 
200 1 |a Нагорные террасы в Сибири и происхождение их  |f Я. Макеров 
210 |a Петроград  |c Типография М. М. Стасюлевича  |d 1913 
215 |a С. 761-801 
300 |a Отдельный оттиск из т. 32 "Известий Геологического Комитета" № 232. 
316 |5 63413507: 179611  |a С автографом автора 
317 |5 63413507: 179611  |a Поступила в НТБ в 1940 году в составе книжного собрания академика М. А. Усова. 
610 1 |a геология 
610 1 |a террасы 
610 1 |a Сибирь 
610 1 |a дарственная надпись 
610 1 |a дары автора 
610 1 |a библиотека М. А. Усова 
675 |a 551.435.3  |v 3 
700 1 |a Макеров  |b Я. 
801 0 |a RU  |b 63413507  |c 20011210  |g PSBO 
801 2 |a RU  |b 63413507  |c 20190221  |g PSBO 
942 |c BK